000 00443nam a22001697a 4500
999 _c41686
_d41686
003 OSt
005 20221102161507.0
008 221102b ||||| |||| 00| 0 eng d
020 _a8178802465
040 _coclc
082 _a664
_bJAS/F
100 _99216
_aJas, P.K.
245 _aFood and nutrition /
_cP.K.Jas
260 _aNEW DELHI:
_bRAJAT PUBLICATIONS,
_c2006
300 _a249p
942 _2ddc
_cBK
_h664
_k664
_mJAS/F